000 00607nam a2200181 a 4500
001 000017077
005 20200929165020.0
008 100317s1977 dr c 000 0 spa d
040 _aDO-SdBNP
_bspa
_cBNPHU
082 _axxx
_bM524b
100 1 _aMella Jiménez, Eligio
_937668
245 1 0 _aBreve bosquejo histórico del rotarismo dominicano /
_cEligio Mella Jiménez.
260 _aSanto Domingo :
_bTele-3,
_c1977.
300 _a84 p. :
_bretrs. ;
_c21 cm.
500 _aIncluye datos biográficos del autor en la contracubierta
504 _aIncluye referencias bibliográficas [p. 84]
049 _aBNPD
999 _c16603
_d16603